| 000 | 00854cam a2200229 4500500 | ||
|---|---|---|---|
| 005 | 20260111080508.0 | ||
| 041 | _afre | ||
| 042 | _adc | ||
| 100 | 1 | 0 |
_aBenzerafa-Alilat, Manel _eauthor |
| 700 | 1 | 0 |
_aTandilashvili, Nino _eauthor |
| 700 | 1 | 0 |
_aFriscia, Marion _eauthor |
| 245 | 0 | 0 | _aLes parlementaires utilisent-ils les audits qu’ils commanditent à la Cour des comptes ? |
| 260 | _c2023. | ||
| 500 | _a90 | ||
| 690 | _aCour des comptes | ||
| 690 | _ainformations relatives à la performance | ||
| 690 | _ainstitution supérieure de contrôle (ISC) | ||
| 690 | _aParlement | ||
| 690 | _autilisation des rapports d’audit | ||
| 786 | 0 | _nGestion & Finances Publiques | 2 | 2 | 2023-04-28 | p. 6-18 | 1969-1009 | |
| 856 | 4 | 1 | _uhttps://droit.cairn.info/revue-gestion-et-finances-publiques-2023-2-page-6?lang=fr&redirect-ssocas=7080 |
| 999 |
_c1616380 _d1616380 |
||